000 00635nam a2200229 a 4500
008
020 _a0273605674 (pbk.)
049 _aMAIN
090 _aHG4026
_bSMI
100 1 _aSmith, Karl
245 1 0 _aFinancial planning and monitoring :
_badvanced GNVQ /
_c Karl Smith.
260 _aLondon:
_bPitman,
_c1995
300 _aix, 180 p. ;
_c25 cm.
500 _aIncludes index.
650 1 _aFinance
_xplanning.
650 _aFinance
_xmanagement.
907 _a.b10081896
_b21-07-09
_c12-07-03
003
005 20230123133331.0
040 _cNUST
942 _cBOOKS
_kHG4026
_mSMI
999 _c146795
_d146795